Who was Charles Darwin? / (Record no. 8206)

MARC details
000 -LEADER
fixed length control field 01545cam a22004094a 4500
001 - CONTROL NUMBER
control field 8206
003 - CONTROL NUMBER IDENTIFIER
control field FISKH
005 - DATE AND TIME OF LATEST TRANSACTION
control field 20250902110813.0
008 - FIXED-LENGTH DATA ELEMENTS--GENERAL INFORMATION
fixed length control field 040913s2005 nyuab b 000 0beng
010 ## - LIBRARY OF CONGRESS CONTROL NUMBER
LC control number 2004021503
020 ## - INTERNATIONAL STANDARD BOOK NUMBER
International Standard Book Number 0448437643
Qualifying information pbk.
020 ## - INTERNATIONAL STANDARD BOOK NUMBER
International Standard Book Number 9780448437644
020 ## - INTERNATIONAL STANDARD BOOK NUMBER
International Standard Book Number 0448438496
Qualifying information hardcover
020 ## - INTERNATIONAL STANDARD BOOK NUMBER
International Standard Book Number 9780448437644
Qualifying information (pbk.)
020 ## - INTERNATIONAL STANDARD BOOK NUMBER
International Standard Book Number 9780448438498
Qualifying information (hardcover)
040 ## - CATALOGING SOURCE
Original cataloging agency DLC
Transcribing agency DLC
Modifying agency DLC
Language of cataloging eng
050 00 - LIBRARY OF CONGRESS CALL NUMBER
Classification number QH31.D2
Item number H766 2005
082 00 - DEWEY DECIMAL CLASSIFICATION NUMBER
Classification number 576.8/2/092
-- B
Edition number 22
100 1# - MAIN ENTRY--PERSONAL NAME
Personal name Hopkinson, Deborah.
245 10 - TITLE STATEMENT
Title Who was Charles Darwin? /
Statement of responsibility, etc. by Deborah Hopkinson ; illustrated by Nancy Harrison.
260 ## - PUBLICATION, DISTRIBUTION, ETC.
Place of publication, distribution, etc. New York :
Name of publisher, distributor, etc. Grosset & Dunlap,
Date of publication, distribution, etc. 2005.
300 ## - PHYSICAL DESCRIPTION
Extent 104 pages :
Other physical details illustrations ; maps ;
Dimensions 20 cm.
336 ## - CONTENT TYPE
Content type term text
Content type code txt
Source rdacontent
337 ## - MEDIA TYPE
Media type term unmediated
Media type code n
Source rdamedia
338 ## - CARRIER TYPE
Carrier type term volume
Carrier type code nc
Source rdacarrier
440 #0 - SERIES STATEMENT/ADDED ENTRY--TITLE
Title Who was-- ?
504 ## - BIBLIOGRAPHY, ETC. NOTE
Bibliography, etc. note Includes bibliographical references (p. 102-104).
520 ## - SUMMARY, ETC.
Summary, etc. An introduction to the life and accomplishments of the nineteenth-century British naturalist Charles Darwin.
600 10 - SUBJECT ADDED ENTRY--PERSONAL NAME
Personal name Darwin, Charles,
Dates associated with a name 1809-1882
Form subdivision Juvenile literature.
650 #0 - SUBJECT ADDED ENTRY--TOPICAL TERM
Topical term or geographic name entry element Naturalists
Geographic subdivision England
Form subdivision Biography
-- Juvenile literature.
655 #7 - INDEX TERM--GENRE/FORM
Genre/form data or focus term Literature.
Source of term lcgft
Authority record control number or standard number https://id.loc.gov/authorities/genreForms/gf2014026415
655 #7 - INDEX TERM--GENRE/FORM
Genre/form data or focus term Biographies.
Source of term lcgft
Authority record control number or standard number https://id.loc.gov/authorities/genreForms/gf2014026049
700 1# - ADDED ENTRY--PERSONAL NAME
Personal name Harrison, Nancy,
Dates associated with a name 1963-
Relator term illustrator
906 ## - LOCAL DATA ELEMENT F, LDF (RLIN)
a 7
b cbc
c orignew
d 1
e ecip
f 20
g y-gencatlg
942 ## - ADDED ENTRY ELEMENTS (KOHA)
Source of classification or shelving scheme Dewey Decimal Classification
Koha item type Books
Suppress in OPAC No
Holdings
Withdrawn status Lost status Source of classification or shelving scheme Damaged status Not for loan Collection Home library Current library Shelving location Date acquired Total Checkouts Full call number Barcode Date last seen Copy number Price effective from Koha item type
    Dewey Decimal Classification     Non-Fiction Footprints International School Library Network Toul Kork Campus Footprints International School Library Network Toul Kork Campus A TK Campus, 4th Floor, Room B401, Non-Fiction Bookcases(7-8) 09/02/2025   HOP 576.8 QH31.D2 H766 FISTK00316 09/02/2025 1 09/02/2025 Books